Music Quiz

Random Music or Album Quiz

Best Hard Rock Performance Grammy Nominees Quiz Stats

 Plays Quiz not verified by Sporcle

Challenge
Share
Tweet
Embed
Score 0/111 Timer 08:00
0 Plays Today
Year Artist % Correct
35th Grammy Awards - 1993Nirvana
95.8%
33rd Grammy Awards - 1991AC/DC
92.9%
34th Grammy Awards - 1992AC/DC
92.9%
36th Grammy Awards - 1994AC/DC
92.9%
52nd Grammy Awards - 2010AC/DC
92.9%
41st Grammy Awards - 1999Metallica
92.7%
42nd Grammy Awards - 2000Metallica
92.7%
47th Grammy Awards - 2005Metallica
92.7%
52nd Grammy Awards - 2010Metallica
92.7%
35th Grammy Awards - 1993Red Hot Chili Peppers
92.1%
38th Grammy Awards - 1996Red Hot Chili Peppers
92.1%
37th Grammy Awards - 1995Soundgarden
88.9%
39th Grammy Awards - 1997Soundgarden
88.9%
53rd Grammy Awards - 2011Soundgarden
88.9%
32nd Grammy Awards - 1990Guns N' Roses
87%
34th Grammy Awards - 1992Guns N' Roses
87%
35th Grammy Awards - 1993Guns N' Roses
87%
38th Grammy Awards - 1996Pearl Jam
85.4%
37th Grammy Awards - 1995Pearl Jam
85.4%
41st Grammy Awards - 1999Pearl Jam
85.4%
43rd Grammy Awards - 2001Pearl Jam
85.4%
35th Grammy Awards - 1993Pearl Jam
85.4%
32nd Grammy Awards - 1990Aerosmith
84.3%
40th Grammy Awards - 1998Foo Fighters
84.1%
45th Grammy Awards - 2003Foo Fighters
84.1%
50th Grammy Awards - 2008Foo Fighters
84.1%
32nd Grammy Awards - 1990Mötley Crüe
82%
33rd Grammy Awards - 1991Mötley Crüe
82%
51st Grammy Awards - 2009Mötley Crüe
82%
39th Grammy Awards - 1997Rage Against the Machine
80.5%
40th Grammy Awards - 1998Rage Against the Machine
80.5%
43rd Grammy Awards - 2001Rage Against the Machine
80.5%
44th Grammy Awards - 2002Rage Against the Machine
80.5%
42nd Grammy Awards - 2000Korn
80.3%
36th Grammy Awards - 1994The Smashing Pumpkins
78.9%
39th Grammy Awards - 1997The Smashing Pumpkins
78.9%
40th Grammy Awards - 1998The Smashing Pumpkins
78.9%
Year Artist % Correct
34th Grammy Awards - 1992Alice in Chains
78.2%
35th Grammy Awards - 1993Alice in Chains
78.2%
37th Grammy Awards - 1995Alice in Chains
78.2%
37th Grammy Awards - 1995Beastie Boys
78.2%
39th Grammy Awards - 1997Alice in Chains
78.2%
42nd Grammy Awards - 2000Alice in Chains
78.2%
52nd Grammy Awards - 2010Alice in Chains
78.2%
38th Grammy Awards - 1996Alice in Chains
78.2%
53rd Grammy Awards - 2011Alice in Chains
78.2%
37th Grammy Awards - 1995Green Day
77.8%
43rd Grammy Awards - 2001Limp Bizkit
70.7%
42nd Grammy Awards - 2000Limp Bizkit
70.7%
46th Grammy Awards - 2004Evanescence
69.2%
50th Grammy Awards - 2008Evanescence
69.2%
42nd Grammy Awards - 2000Kid Rock
68.6%
43rd Grammy Awards - 2001Kid Rock
68.6%
44th Grammy Awards - 2002Alien Ant Farm
68.6%
45th Grammy Awards - 2003System of a Down
68.6%
48th Grammy Awards - 2006System of a Down
68.6%
49th Grammy Awards - 2007System of a Down
68.6%
36th Grammy Awards - 1994Stone Temple Pilots
68.4%
39th Grammy Awards - 1997Stone Temple Pilots
68.4%
43rd Grammy Awards - 2001Stone Temple Pilots
68.4%
53rd Grammy Awards - 2011Stone Temple Pilots
68.4%
33rd Grammy Awards - 1991Faith No More
67.2%
35th Grammy Awards - 1993Faith No More
67.2%
44th Grammy Awards - 2002Linkin Park
63.6%
52nd Grammy Awards - 2010Linkin Park
63.6%
32nd Grammy Awards - 1990Living Colour
61.9%
33rd Grammy Awards - 1991Living Colour
61.9%
36th Grammy Awards - 1994Living Colour
61.9%
41st Grammy Awards - 1999Marilyn Manson
61.3%
40th Grammy Awards - 1998Nine Inch Nails
59.8%
48th Grammy Awards - 2006Nine Inch Nails
59.8%
49th Grammy Awards - 2007Nine Inch Nails
59.8%
45th Grammy Awards - 2003Queens of the Stone Age
56.3%
46th Grammy Awards - 2004Queens of the Stone Age
56.3%
Year Artist % Correct
48th Grammy Awards - 2006Queens of the Stone Age
56.3%
50th Grammy Awards - 2008Queens of the Stone Age
56.3%
34th Grammy Awards - 1992Van Halen
55.9%
38th Grammy Awards - 1996Van Halen
55.9%
33rd Grammy Awards - 1991Jane's Addiction
53.6%
46th Grammy Awards - 2004Jane's Addiction
53.6%
46th Grammy Awards - 2004Audioslave
53.1%
48th Grammy Awards - 2006Audioslave
53.1%
47th Grammy Awards - 2005Velvet Revolver
48.7%
49th Grammy Awards - 2007Tool
48.3%
50th Grammy Awards - 2008Tool
48.3%
47th Grammy Awards - 2005Nickelback
47.9%
47th Grammy Awards - 2005Slipknot
47.9%
52nd Grammy Awards - 2010Nickelback
47.9%
32nd Grammy Awards - 1990Great White
45.4%
41st Grammy Awards - 1999Kiss
45.4%
38th Grammy Awards - 1996Primus
44.8%
44th Grammy Awards - 2002P.O.D.
43.9%
45th Grammy Awards - 2003P.O.D.
43.9%
42nd Grammy Awards - 2000Buckcherry
40.2%
49th Grammy Awards - 2007Buckcherry
40.2%
50th Grammy Awards - 2008Ozzy Osbourne
37%
53rd Grammy Awards - 2011Ozzy Osbourne
37%
40th Grammy Awards - 1998Bush
33.7%
49th Grammy Awards - 2007Wolfmother
32.8%
45th Grammy Awards - 2003Godsmack
31.6%
46th Grammy Awards - 2004Godsmack
31.6%
47th Grammy Awards - 2005Incubus
29.7%
51st Grammy Awards - 2009Disturbed
26.2%
51st Grammy Awards - 2009Rob Zombie
24.5%
53rd Grammy Awards - 2011Them Crooked Vultures
18%
51st Grammy Awards - 2009The Mars Volta
16.7%
41st Grammy Awards - 1999Jimmy Page & Robert Plant
16.5%
51st Grammy Awards - 2009Judas Priest
14.9%
36th Grammy Awards - 1994Robert Plant
14.4%
48th Grammy Awards - 2006Robert Plant
14.4%
44th Grammy Awards - 2002Saliva
13%

You're not logged in!

Compare scores with friends on all Sporcle quizzes.
Join for Free
OR
Log In

You Might Also Like...

Show Comments

Extras

Top Quizzes Today


Score Distribution

Your Account Isn't Verified!

In order to create a playlist on Sporcle, you need to verify the email address you used during registration. Go to your Sporcle Settings to finish the process.

Report this User

Report this user for behavior that violates our Community Guidelines.

Details: